Teaching reading in the social studies : a global approach /

Bibliographic Details
Main Authors: Otero, George G., Moeller, Carol (Author)
Format: Book
Language:English
Published: Denver, Colo. : Center for Teaching International Relations, University of Denver, l978.
Edition:Rev.
Series:Skills series ; v. 1.
Subjects:

MARC

Tag First Indicator Second Indicator Subfields
LEADER 00000cam a2200000 a 4500
001 in00000092205
005 20150923131959.0
008 790713s1978 couab b 00010 eng d
035 |a (OCoLC)05168822 
035 |9 AAK7286AM 
040 |a AMK  |c AMK  |d TXA  |d UtOrBLW 
049 |a TXAM  |c [1806172] 
090 |a LB1050  |b  O7 1978 
100 1 |a Otero, George G. 
245 1 0 |a Teaching reading in the social studies :  |b a global approach /  |c  by George G. Otero, Jr. and Carol Moeller. 
250 |a Rev. 
264 1 |a Denver, Colo. :  |b Center for Teaching International Relations, University of Denver,  |c l978. 
300 |a ii, 155 pages, 89 unnumbered leaves :  |b illustrations, maps ;  |c 28 cm. 
336 |a text  |b txt  |2 rdacontent 
337 |a unmediated  |b n  |2 rdamedia 
338 |a volume  |b nc  |2 rdacarrier 
490 1 |a Skills series ;  |v v. 1 
504 |a Bibliography: pages 153-154. 
650 0 |a Reading. 
650 0 |a Social sciences  |x Study and teaching. 
700 1 |a Moeller, Carol,  |e author. 
830 0 |a Skills series ;  |v v. 1. 
999 |a MARS 
999 f f |s 0abe3b69-9cf0-3969-8314-da71920f92b4  |i f09a65a0-0d72-3b4c-9ef4-2c1c2e7f440b  |t 0 
952 f f |p normal  |a Texas A&M University  |b College Station  |c Sterling C. Evans Library  |d Evans: Library Stacks  |t 0  |e LB1050 O7 1978  |h Library of Congress classification  |i unmediated -- volume  |m A14805983991 
998 f f |a LB1050 O7 1978  |t 0  |l Evans: Library Stacks